MARC details
| 000 -LEADER |
| fixed length control field |
00643cam a22001574a 4500 |
| 020 ## - ISBN |
| International Standard Book Number |
1856496112 (hbk.) |
| 020 ## - ISBN |
| International Standard Book Number |
1856496120 (pbk.) |
| 050 00 - LIBRARY OF CONGRESS CALL NUMBER |
| Classification Number |
R725.5 |
| Item Number |
.M465 2001 |
| 245 04 - TITLE |
| Title |
The medical profession and human rights : |
| Remainder of title |
handbook for a changing agenda / |
| Statement of responsibility, etc |
British Medical Association. |
| 260 ## - PUBLICATION, DISTRIBUTION, ETC.(IMPRINT) |
| Place of publication, distribution, etc |
London ; |
| -- |
New York : |
| Name of publisher, distributor, etc |
Zed Books ; |
| Place of publication, distribution, etc |
London : |
| Name of publisher, distributor, etc |
BMA ; |
| Place of publication, distribution, etc |
New York : |
| Name of publisher, distributor, etc |
Distributed in the United States by Palgrave, |
| Date of publication, distribution, etc |
2001. |
| 300 ## - PHYSICAL DESCRIPTION |
| Extent |
xxxiii, 561 p. ; |
| 650 #0 - SUBJECT--TOPIC |
| General subdivision |
Professional ethics. |
| 856 42 - URL/ELECTRONIC LOCATION AND ACCESS |
| Uniform Resource Identifier |
<a href="http://www.loc.gov/catdir/description/hol051/00043429.html">http://www.loc.gov/catdir/description/hol051/00043429.html</a> |
| 856 41 - URL/ELECTRONIC LOCATION AND ACCESS |
| Uniform Resource Identifier |
<a href="http://www.loc.gov/catdir/toc/hol051/00043429.html">http://www.loc.gov/catdir/toc/hol051/00043429.html</a> |
| 942 ## - ADDED ENTRY ELEMENTS(KOHA) |
| Koha item type |
General circulation |